Business communication : (Record no. 623)

000 -LEADER
fixed length control field 01293cam a2200409 a 4500
003 - CONTROL NUMBER IDENTIFIER
control field CaAEU
005 - DATE AND TIME OF LATEST TRANSACTION
control field 20210616070755.0
008 - FIXED-LENGTH DATA ELEMENTS--GENERAL INFORMATION
fixed length control field 980309s1999 onca b 001 0 eng c
020 ## - INTERNATIONAL STANDARD BOOK NUMBER
International Standard Book Number 0176073337 (pbk.)
020 ## - INTERNATIONAL STANDARD BOOK NUMBER
International Standard Book Number 9780176073336 (pbk.)
020 ## - INTERNATIONAL STANDARD BOOK NUMBER
International Standard Book Number 0176166505 (bound)
040 ## - CATALOGING SOURCE
Transcribing agency CaOTU
050 ## - LIBRARY OF CONGRESS CALL NUMBER
Classification number HF5718.3
Item number .G82 1999
055 01 - CLASSIFICATION NUMBERS ASSIGNED IN CANADA
Classification number HF5718.3
055 #3 - CLASSIFICATION NUMBERS ASSIGNED IN CANADA
Classification number HF5718.3
Item number .G82 1998
055 00 - CLASSIFICATION NUMBERS ASSIGNED IN CANADA
Classification number HF5718 .3
Item number .G82 1999 fol.
090 ## - LOCALLY ASSIGNED LC-TYPE CALL NUMBER (OCLC); LOCAL CALL NUMBER (RLIN)
Classification number (OCLC) (R) ; Classification number, CALL (RLIN) (NR) HF 5718.3 G82 1999
Local cutter number (OCLC) ; Book number/undivided call number, CALL (RLIN) AEU
100 1# - MAIN ENTRY--PERSONAL NAME
Personal name Guffey, Mary Ellen.
245 10 - TITLE STATEMENT
Title Business communication :
Remainder of title process and product /
Statement of responsibility, etc. Mary Ellen Guffey, Kathleen Rhodes, Patricia Rogin.
250 ## - EDITION STATEMENT
Edition statement 2nd Canadian ed.
260 ## - PUBLICATION, DISTRIBUTION, ETC.
Place of publication, distribution, etc. Toronto :
Name of publisher, distributor, etc. ITP Nelson,
Date of publication, distribution, etc. 1999.
300 ## - PHYSICAL DESCRIPTION
Extent xix, 578, [80] p. :
Other physical details col. ill. ;
Dimensions 26 cm +
Accompanying material 2 computer disks (3 1/2 in.).
336 ## - CONTENT TYPE
Content type term text
Content type code txt
Source rdacontent
337 ## - MEDIA TYPE
Media type term unmediated
Media type code n
Source rdamedia
338 ## - CARRIER TYPE
Carrier type term volume
Carrier type code nc
Source rdacarrier
504 ## - BIBLIOGRAPHY, ETC. NOTE
Bibliography, etc. note Includes bibliographical references and index.
650 #0 - SUBJECT ADDED ENTRY--TOPICAL TERM
Topical term or geographic name entry element Business communication.
650 #0 - SUBJECT ADDED ENTRY--TOPICAL TERM
Topical term or geographic name entry element Business writing.
700 1# - ADDED ENTRY--PERSONAL NAME
Personal name Rogin, Patricia,
Dates associated with a name 1958-
700 1# - ADDED ENTRY--PERSONAL NAME
Personal name Rhodes, Kathleen,
Dates associated with a name 1951-
942 ## - ADDED ENTRY ELEMENTS (KOHA)
Source of classification or shelving scheme
Koha item type Book
Suppress in OPAC DO
Holdings
Withdrawn status Lost status Source of classification or shelving scheme Damaged status Not for loan Permanent Location Current Location Shelving location Date acquired Total Checkouts Full call number Barcode Date last seen Date last checked out Price effective from Koha item type Public note
          AU LIBRARY AU LIBRARY Open Shelf 16.06.2021 1 HF5718.3 .G82 1999 28000240 09.12.2022 24.11.2022 16.06.2021 Book DO

Powered by Koha